000 00770nam a22002651a 4500
001 000061323
005 20200120223954.0
008 130212s2005 ck a er 000 m spa
020 _a9789589748084
041 1 _aDspa
090 _aAT
_bSOFedi
100 1 _aSófocles
245 1 3 _aEdipo rey ; Electra /
_cSófocles ; ilustraciones Juan Manuel Pedraza.
250 _a1a. ed.
260 _aBogotá :
_bEdiciones Dipon,
_c2005.
300 _a160 p. :
_bil. ;
_c20 cm.
500 _aEj.1 de la Biblioteca Madrid: 2a. ed. del año 2013.
650 0 _aLiteratura griega
650 1 7 _aTeatro adultos
650 2 7 _aLiteratura adulto
650 2 7 _aTragedia griega
650 2 7 _aTeatro griego
650 2 7 _aDrama griego
700 1 _aPedraza, Juan Manuel
_eilustrador
999 _c7678
_d7678